| 000 | 00923nam a2200265 i 4500 | ||
|---|---|---|---|
| 999 |
_c200443243 _d61455 |
||
| 003 | TR-AnTOB | ||
| 005 | 20230306104046.0 | ||
| 007 | ta | ||
| 008 | 040319s1993 tu 000 0 tur d | ||
| 040 |
_aTR-AnTOB _beng _erda _cTR-AnTOB |
||
| 041 | 0 | _atur | |
| 050 | 4 |
_aHC493.G85 _bG37 1993 |
|
| 090 |
_aHC493.G85 _bG37 1993 |
||
| 245 | 0 | 0 |
_aGAP bölgesi hareket planı 1993-1997 : _b(yöneticiler için özet). |
| 264 | 1 |
_aAnkara : _bBaşbakanlık Güneydoğu Anadolu Projesi Bölgesel Kalkınma Dairesi Başkanlığı, _c1993. |
|
| 300 |
_a16 pages ; _c30 cm |
||
| 336 |
_2rdacontent _atext _btxt |
||
| 337 |
_2rdamedia _aunmediated _bn |
||
| 338 |
_2rdacarrier _avolume _bnc |
||
| 610 | 2 | 0 |
_aGüneydoğu Anadolu Projesi (Türkiye) _991404 |
| 710 | 2 |
_aGüneydoğu Anadolu Projesi (Turkey). _bBölge Kalkınma İdaresi Başkanlığı _991400 |
|
| 942 |
_2z _cBK |
||